[Event "EYCC 2024 - O12"]
[Site "?"]
[Date "2024.08.22"]
[Round "1.9"]
[White "Saminskij, Jan"]
[Black "Zawal, Krzysztof"]
[Result "1-0"]
[BlackElo "1818"]
[WhiteElo "2115"]
[LiveChessVersion "1.4.8"]

1. e4 {[%clk 1:29:34]} c5 {[%clk 1:30:40]} 2. Nf3 {[%clk 1:27:30]} Nc6
{[%clk 1:30:59]} 3. Bb5 {[%clk 1:27:55]} g6 {[%clk 1:30:50]} 4. O-O
{[%clk 1:27:54]} Bg7 {[%clk 1:30:56]} 5. c3 {[%clk 1:28:13]} Nf6 {[%clk 1:30:02]}
6. Re1 {[%clk 1:28:28]} O-O {[%clk 1:28:57]} 7. d4 {[%clk 1:28:45]} Qb6
{[%clk 1:28:03]} 8. a4 {[%clk 1:13:39]} cxd4 {[%clk 1:20:07]} 9. cxd4
{[%clk 1:12:40]} d5 {[%clk 1:15:54]} 10. e5 {[%clk 1:09:42]} Ne4 {[%clk 1:13:19]}
11. Nc3 {[%clk 1:05:29]} Nxc3 {[%clk 1:12:13]} 12. bxc3 {[%clk 1:05:47]} a6
{[%clk 1:07:21]} 13. Bd3 {[%clk 1:04:16]} Na5 {[%clk 1:00:53]} 14. Ba3
{[%clk 0:58:22]} Re8 {[%clk 0:57:39]} 15. Bc5 {[%clk 0:43:29]} Qc6
{[%clk 0:54:53]} 16. Nd2 {[%clk 0:40:42]} Be6 {[%clk 0:52:06]} 17. Nb3
{[%clk 0:39:30]} Nc4 {[%clk 0:51:34]} 18. a5 {[%clk 0:37:32]} Nb2
{[%clk 0:49:53]} 19. Qc2 {[%clk 0:35:59]} Nxd3 {[%clk 0:50:09]} 20. Qxd3
{[%clk 0:36:26]} Bf5 {[%clk 0:49:37]} 21. Qe2 {[%clk 0:35:19]} h5
{[%clk 0:46:29]} 22. Ra2 {[%clk 0:29:22]} Bf8 {[%clk 0:41:39]} 23. h3
{[%clk 0:28:18]} Qb5 {[%clk 0:28:42]} 24. Qxb5 {[%clk 0:21:40]} axb5
{[%clk 0:29:10]} 25. Rd1 {[%clk 0:20:00]} Bd7 {[%clk 0:28:23]} 26. Bb4
{[%clk 0:16:33]} e6 {[%clk 0:25:04]} 27. Rda1 {[%clk 0:15:49]} Bxb4
{[%clk 0:22:57]} 28. cxb4 {[%clk 0:16:12]} Rec8 {[%clk 0:22:51]} 29. Nc5
{[%clk 0:16:26]} Bc6 {[%clk 0:21:51]} 30. f4 {[%clk 0:14:27]} Kg7
{[%clk 0:17:15]} 31. Kf2 {[%clk 0:14:38]} Rh8 {[%clk 0:16:45]} 32. a6
{[%clk 0:12:55]} bxa6 {[%clk 0:16:59]} 33. Rxa6 {[%clk 0:13:20]} Rxa6
{[%clk 0:16:46]} 34. Rxa6 {[%clk 0:13:44]} Rc8 {[%clk 0:16:54]} 35. Kg3
{[%clk 0:13:24]} Rc7 {[%clk 0:15:57]} 36. Kh4 {[%clk 0:13:09]} Kh6
{[%clk 0:12:55]} 37. g3 {[%clk 0:12:07]} Rc8 {[%clk 0:10:20]} 38. Ra7
{[%clk 0:11:37]} Be8 {[%clk 0:09:42]} 39. Re7 {[%clk 0:11:02]} Ra8
{[%clk 0:06:17]} 40. g4 {[%clk 0:10:04]} hxg4 {[%clk 0:04:55]} 41. hxg4
{[%clk 0:10:24]} Rb8 {[%clk 0:03:38]} 42. g5+ {[%clk 0:09:51]} Kg7
{[%clk 0:02:15]} 43. Nxe6+ {[%clk 0:10:14]} Kg8 {[%clk 0:02:26]} 44. Nc7
{[%clk 0:06:01]} Bc6 {[%clk 0:01:31]} 45. e6 {[%clk 0:05:16]} Rf8
{[%clk 0:01:07]} 46. Kg4 {[%clk 0:04:30]} fxe6 {[%clk 0:00:32]} 47. Nxe6
{[%clk 0:04:54]} Re8 {[%clk 0:00:33]} 48. Rg7+ {[%clk 0:03:17]} Kh8
{[%clk 0:01:02]} 49. Rxg6 {[%clk 0:03:41]} Bd7 {[%clk 0:00:47]} 50. f5
{[%clk 0:04:04]} Rc8 {[%clk 0:00:36]} 51. Nc5 {[%clk 0:04:24]} Be8
{[%clk 0:00:36]} 52. Ra6 {[%clk 0:04:40]} Kg7 {[%clk 0:00:35]} 53. Ra7+
{[%clk 0:05:06]} Kg8 {[%clk 0:00:58]} 54. g6 {[%clk 0:05:29]} 1-0

[Event "EYCC 2024 - O12"]
[Site "?"]
[Date "2024.08.22"]
[Round "1.10"]
[White "Jimji, Vitali"]
[Black "Nguyen, Khoi"]
[Result "1-0"]
[BlackElo "2108"]
[WhiteElo "1813"]
[LiveChessVersion "1.4.8"]

1. d4 {[%clk 1:30:53]} Nf6 {[%clk 1:30:48]} 2. c4 {[%clk 1:31:15]} e6
{[%clk 1:31:06]} 3. a3 {[%clk 1:31:39]} d5 {[%clk 1:27:19]} 4. e3
{[%clk 1:31:29]} Be7 {[%clk 1:24:56]} 5. Nc3 {[%clk 1:30:16]} O-O
{[%clk 1:24:37]} 6. Nf3 {[%clk 1:30:39]} Nbd7 {[%clk 1:20:48]} 7. c5
{[%clk 1:29:06]} c6 {[%clk 1:20:05]} 8. b4 {[%clk 1:27:27]} Qc7 {[%clk 1:19:28]}
9. Bb2 {[%clk 1:18:32]} e5 {[%clk 1:16:08]} 10. dxe5 {[%clk 1:11:57]} Nxe5
{[%clk 1:15:19]} 11. Nxe5 {[%clk 1:11:17]} Qxe5 {[%clk 1:15:35]} 12. Qd2
{[%clk 1:11:37]} Qg5 {[%clk 1:01:13]} 13. h4 {[%clk 1:09:58]} Qg6
{[%clk 1:00:18]} 14. f3 {[%clk 1:06:49]} Re8 {[%clk 0:53:50]} 15. Ne2
{[%clk 1:03:04]} Bf8 {[%clk 0:49:59]} 16. Qd4 {[%clk 1:01:13]} h5
{[%clk 0:49:08]} 17. Kf2 {[%clk 0:58:43]} a5 {[%clk 0:43:22]} 18. Ng3
{[%clk 0:48:11]} Qc2+ {[%clk 0:38:06]} 19. Be2 {[%clk 0:48:13]} axb4
{[%clk 0:37:30]} 20. Rhc1 {[%clk 0:48:08]} Qg6 {[%clk 0:35:35]} 21. axb4
{[%clk 0:48:16]} Bd7 {[%clk 0:35:25]} 22. Qf4 {[%clk 0:47:26]} Be7
{[%clk 0:31:05]} 23. Rxa8 {[%clk 0:40:36]} Rxa8 {[%clk 0:31:23]} 24. Qc7
{[%clk 0:40:54]} Ra2 {[%clk 0:22:50]} 25. Be5 {[%clk 0:39:36]} Qd3
{[%clk 0:11:41]} 26. Re1 {[%clk 0:38:22]} d4 {[%clk 0:04:33]} 27. Bxd4
{[%clk 0:37:13]} Qc4 {[%clk 0:01:47]} 28. Bxf6 {[%clk 0:15:33]} Bxf6
{[%clk 0:02:10]} 29. Qxd7 {[%clk 0:15:55]} Bxh4 {[%clk 0:02:29]} 30. Kf1
{[%clk 0:15:23]} Qxb4 {[%clk 0:01:27]} 31. Qe8+ {[%clk 0:15:35]} Kh7
{[%clk 0:01:48]} 32. Bd3+ {[%clk 0:15:58]} g6 {[%clk 0:01:24]} 33. Qxf7+
{[%clk 0:15:11]} Kh8 {[%clk 0:01:47]} 34. Qxa2 {[%clk 0:15:13]} Bxg3
{[%clk 0:02:10]} 35. Rd1 {[%clk 0:15:30]} Qh4 {[%clk 0:02:17]} 36. Qa8+
{[%clk 0:14:54]} Kg7 {[%clk 0:02:36]} 37. Qa1+ {[%clk 0:14:07]} Kh7
{[%clk 0:02:46]} 38. Ke2 {[%clk 0:14:19]} Qh2 {[%clk 0:03:02]} 39. Rg1
{[%clk 0:14:37]} Be5 {[%clk 0:03:12]} 40. Qb1 {[%clk 0:14:37]} Kh6
{[%clk 0:03:32]} 41. Bxg6 {[%clk 0:14:12]} Qg3 {[%clk 0:03:48]} 42. Bf7
{[%clk 0:13:16]} 1-0

[Event "EYCC 2024 - O12"]
[Site "?"]
[Date "2024.08.22"]
[Round "1.11"]
[White "Nezhyvenko, Mykhaylo"]
[Black "Preman, Nathan"]
[Result "1-0"]
[BlackElo "1798"]
[WhiteElo "2107"]
[LiveChessVersion "1.4.8"]

1. e4 {[%clk 1:30:58]} e6 {[%clk 1:30:48]} 2. d4 {[%clk 1:31:20]} d5
{[%clk 1:31:05]} 3. Nc3 {[%clk 1:31:10]} Nf6 {[%clk 1:31:10]} 4. e5
{[%clk 1:31:24]} Nfd7 {[%clk 1:31:17]} 5. Nce2 {[%clk 1:31:44]} c5
{[%clk 1:31:17]} 6. c3 {[%clk 1:32:07]} Nc6 {[%clk 1:31:14]} 7. f4
{[%clk 1:32:25]} Qb6 {[%clk 1:30:57]} 8. Nf3 {[%clk 1:32:43]} f6 {[%clk 1:30:58]}
9. g3 {[%clk 1:32:46]} cxd4 {[%clk 1:30:42]} 10. cxd4 {[%clk 1:32:36]} fxe5
{[%clk 1:30:22]} 11. fxe5 {[%clk 1:32:55]} Bb4+ {[%clk 1:29:59]} 12. Bd2
{[%clk 1:32:49]} O-O {[%clk 1:27:38]} 13. Bg2 {[%clk 1:32:43]} Ndxe5
{[%clk 1:24:22]} 14. dxe5 {[%clk 1:08:41]} Nxe5 {[%clk 1:24:23]} 15. Ned4
{[%clk 1:08:45]} Nd3+ {[%clk 1:15:39]} 16. Ke2 {[%clk 1:08:28]} Qa6
{[%clk 1:14:49]} 17. Qc2 {[%clk 1:08:16]} Nxb2+ {[%clk 1:11:23]} 18. Kf2
{[%clk 1:07:59]} Nd3+ {[%clk 1:10:42]} 19. Kg1 {[%clk 1:07:02]} Bc5
{[%clk 0:58:47]} 20. Be3 {[%clk 1:03:54]} b6 {[%clk 0:48:38]} 21. h4
{[%clk 0:53:32]} e5 {[%clk 0:37:43]} 22. Nxe5 {[%clk 0:37:36]} Nxe5
{[%clk 0:28:11]} 23. Bxd5+ {[%clk 0:37:21]} Kh8 {[%clk 0:28:22]} 24. Bxa8
{[%clk 0:37:39]} Ng4 {[%clk 0:28:37]} 25. Qd2 {[%clk 0:37:50]} Qa3
{[%clk 0:22:51]} 26. Re1 {[%clk 0:36:17]} Bb4 {[%clk 0:22:43]} 27. Qc1
{[%clk 0:34:55]} Qxc1 {[%clk 0:12:57]} 28. Rxc1 {[%clk 0:35:14]} Nxe3
{[%clk 0:13:19]} 29. Rh2 {[%clk 0:27:31]} Bc5 {[%clk 0:12:03]} 30. Nb3
{[%clk 0:27:14]} Ng4+ {[%clk 0:10:49]} 31. Nxc5 {[%clk 0:27:29]} Nxh2
{[%clk 0:11:09]} 32. Kxh2 {[%clk 0:27:55]} bxc5 {[%clk 0:11:19]} 33. Rxc5
{[%clk 0:28:14]} Be6 {[%clk 0:11:01]} 34. Be4 {[%clk 0:28:01]} g6
{[%clk 0:09:00]} 35. a4 {[%clk 0:28:02]} Kg7 {[%clk 0:07:04]} 36. a5
{[%clk 0:27:08]} Kf6 {[%clk 0:03:59]} 37. Rb5 {[%clk 0:23:59]} Re8
{[%clk 0:01:32]} 38. Bf3 {[%clk 0:21:46]} Bc4 {[%clk 0:01:16]} 39. Rc5
{[%clk 0:19:52]} Bd3 {[%clk 0:01:28]} 40. g4 {[%clk 0:19:36]} Re7
{[%clk 0:00:42]} 41. g5+ {[%clk 0:19:13]} Ke6 {[%clk 0:00:55]} 42. a6
{[%clk 0:19:34]} Kf7 {[%clk 0:00:32]} 43. Bd5+ {[%clk 0:19:38]} Ke8
{[%clk 0:00:38]} 44. Rc8+ {[%clk 0:19:36]} Kd7 {[%clk 0:00:49]} 45. Ra8
{[%clk 0:19:53]} Kd6 {[%clk 0:00:49]} 46. Bb7 {[%clk 0:20:12]} Kc7
{[%clk 0:00:38]} 47. Rxa7 {[%clk 0:20:32]} Kb6 {[%clk 0:00:56]} 48. Ra8
{[%clk 0:20:58]} Bb5 {[%clk 0:00:40]} 49. Kg3 {[%clk 0:20:44]} Bd3
{[%clk 0:00:41]} 50. Kf4 {[%clk 0:20:14]} Bb5 {[%clk 0:00:43]} 51. Kg4
{[%clk 0:19:07]} Be2+ {[%clk 0:01:04]} 52. Kg3 {[%clk 0:19:31]} Bb5
{[%clk 0:01:24]} 53. Bc8 {[%clk 0:19:14]} Bc6 {[%clk 0:00:35]} 54. Rb8+
{[%clk 0:18:46]} Ka7 {[%clk 0:00:57]} 55. Rb4 {[%clk 0:18:59]} Rc7
{[%clk 0:00:36]} 56. Bb7 {[%clk 0:19:24]} Bd7 {[%clk 0:00:37]} 57. Kf4
{[%clk 0:18:43]} Bf5 {[%clk 0:00:36]} 58. Ke5 {[%clk 0:18:46]} Bd3
{[%clk 0:00:36]} 59. Kf6 {[%clk 0:18:14]} Bxa6 {[%clk 0:00:38]} 60. Bxa6
{[%clk 0:16:57]} Kxa6 61. Re4 {[%clk 0:16:25]} Kb5 {[%clk 0:00:35]} 62. Re7
{[%clk 0:16:48]} Rc6+ {[%clk 0:00:37]} 63. Kg7 {[%clk 0:17:12]} Rc4
{[%clk 0:00:39]} 64. Kxh7 {[%clk 0:17:38]} Rxh4+ {[%clk 0:01:00]} 65. Kxg6
{[%clk 0:18:04]} Kc6 {[%clk 0:01:23]} 66. Kg7 {[%clk 0:18:08]} Kd6
{[%clk 0:01:33]} 67. Ra7 {[%clk 0:18:32]} Ke6 {[%clk 0:01:14]} 68. g6
{[%clk 0:18:18]} Rg4 {[%clk 0:01:33]} 69. Kh7 {[%clk 0:18:42]} Rh4+
{[%clk 0:00:34]} 70. Kg8 {[%clk 0:19:05]} Kf6 {[%clk 0:00:32]} 71. g7
{[%clk 0:19:17]} Rb4 {[%clk 0:00:32]} 72. Ra6+ {[%clk 0:19:32]} Ke7
{[%clk 0:00:51]} 73. Kh7 {[%clk 0:19:52]} 1-0

[Event "EYCC 2024 - O12"]
[Site "?"]
[Date "2024.08.22"]
[Round "1.12"]
[White "Cani, Erdi"]
[Black "Shilon Rahav, Eliran"]
[Result "1/2-1/2"]
[BlackElo "2103"]
[WhiteElo "1791"]
[LiveChessVersion "1.4.8"]

1. e4 {[%clk 1:30:55]} c5 {[%clk 1:30:59]} 2. c3 {[%clk 1:30:51]} Nf6
{[%clk 1:30:37]} 3. e5 Nd5 {[%clk 1:31:01]} 4. d4 {[%clk 1:30:18]} cxd4
{[%clk 1:31:18]} 5. cxd4 {[%clk 1:30:22]} d6 {[%clk 1:30:37]} 6. Nf3
{[%clk 1:29:44]} Nc6 {[%clk 1:31:02]} 7. Bc4 {[%clk 1:27:35]} Nb6
{[%clk 1:29:47]} 8. Bb5 {[%clk 1:26:35]} Bd7 {[%clk 1:29:40]} 9. exd6
{[%clk 1:26:30]} e6 {[%clk 1:29:30]} 10. Bf4 {[%clk 1:25:16]} Nd5
{[%clk 1:29:19]} 11. Bd2 {[%clk 1:24:59]} Bxd6 {[%clk 1:29:07]} 12. Nc3
{[%clk 1:25:05]} Ncb4 {[%clk 1:27:23]} 13. O-O {[%clk 1:21:03]} Rc8
{[%clk 1:23:14]} 14. Nxd5 {[%clk 1:16:49]} Nxd5 {[%clk 1:23:23]} 15. Qa4
{[%clk 1:15:08]} a6 {[%clk 1:19:22]} 16. Bxd7+ {[%clk 1:14:41]} Qxd7
{[%clk 1:18:53]} 17. Qxd7+ {[%clk 1:14:55]} Kxd7 {[%clk 1:19:22]} 18. Rac1
{[%clk 1:15:18]} f6 {[%clk 1:14:38]} 19. Rfd1 {[%clk 1:11:46]} g5
{[%clk 1:13:49]} 20. h3 {[%clk 1:03:24]} b6 {[%clk 1:12:35]} 21. Kf1
{[%clk 0:58:21]} h5 {[%clk 1:04:42]} 22. Ke2 {[%clk 0:48:59]} h4 {[%clk 1:04:18]}
23. Ne1 {[%clk 0:43:24]} Bf4 {[%clk 1:00:23]} 24. Nd3 {[%clk 0:43:04]} Bxd2
{[%clk 1:00:12]} 25. Kxd2 {[%clk 0:43:29]} Kd6 {[%clk 0:58:59]} 26. b3
{[%clk 0:41:58]} a5 {[%clk 0:55:07]} 27. Rc4 {[%clk 0:40:42]} b5 {[%clk 0:54:51]}
28. Rcc1 {[%clk 0:32:12]} b4 {[%clk 0:52:27]} 29. Rc5 {[%clk 0:23:15]} Rxc5
{[%clk 0:49:30]} 30. Nxc5 {[%clk 0:22:12]} Nf4 {[%clk 0:49:01]} 31. Rg1
{[%clk 0:21:05]} Kd5 {[%clk 0:49:08]} 32. Nd3 {[%clk 0:17:53]} Nxd3
{[%clk 0:48:14]} 33. Kxd3 {[%clk 0:18:18]} Rc8 {[%clk 0:48:25]} 34. Re1
{[%clk 0:18:14]} Rc3+ {[%clk 0:47:10]} 35. Kd2 {[%clk 0:17:36]} a4
{[%clk 0:40:19]} 36. Re3 {[%clk 0:11:57]} Rxe3 {[%clk 0:16:40]} 37. Kxe3
{[%clk 0:12:15]} axb3 {[%clk 0:16:42]} 38. axb3 {[%clk 0:12:42]} f5
{[%clk 0:17:00]} 39. f3 {[%clk 0:09:46]} e5 {[%clk 0:17:06]} 40. dxe5
{[%clk 0:10:14]} Kxe5 {[%clk 0:17:32]} 41. Kd3 {[%clk 0:10:02]} Kf4
{[%clk 0:16:21]} 42. Ke2 {[%clk 0:10:25]} Kg3 {[%clk 0:11:58]} 43. Kf1
{[%clk 0:10:31]} g4 {[%clk 0:12:01]} 44. fxg4 {[%clk 0:10:48]} fxg4
{[%clk 0:12:21]} 45. hxg4 {[%clk 0:11:09]} Kxg4 {[%clk 0:12:42]} 46. Ke2
{[%clk 0:11:26]} Kg3 {[%clk 0:11:58]} 47. Kf1 {[%clk 0:11:34]} Kf4
{[%clk 0:12:01]} 48. Kf2 {[%clk 0:11:48]} Kg4 {[%clk 0:05:58]} 49. Ke2
{[%clk 0:11:50]} Kg5 {[%clk 0:05:03]} 50. Ke3 {[%clk 0:11:25]} Kg4
{[%clk 0:02:01]} 51. Ke2 {[%clk 0:11:44]} Kg3 {[%clk 0:00:33]} 52. Kf1
{[%clk 0:12:09]} Kf4 {[%clk 0:00:32]} 53. Kf2 {[%clk 0:12:19]} Ke4
{[%clk 0:01:01]} 54. Ke2 {[%clk 0:12:42]} Kd4 {[%clk 0:00:33]} 55. Kd2
{[%clk 0:12:54]} Ke5 {[%clk 0:00:34]} 56. Ke3 {[%clk 0:12:52]} Kf5
{[%clk 0:00:39]} 57. Kf3 {[%clk 0:12:19]} Kg5 {[%clk 0:01:09]} 58. Ke3
{[%clk 0:11:40]} Kg4 {[%clk 0:01:37]} 59. Ke2 {[%clk 0:11:51]} Kg3
{[%clk 0:00:35]} 60. Kf1 {[%clk 0:12:08]} Kf4 {[%clk 0:01:04]} 61. Kf2
{[%clk 0:12:17]} Ke4 {[%clk 0:01:34]} 62. Ke2 {[%clk 0:12:37]} Kd4
{[%clk 0:02:00]} 63. Kd2 {[%clk 0:12:57]} Ke5 {[%clk 0:02:29]} 64. Ke3
{[%clk 0:13:00]} Kf5 {[%clk 0:02:56]} 65. Kf3 {[%clk 0:13:20]} Kg5
{[%clk 0:03:26]} 66. Ke3 {[%clk 0:12:53]} Kg4 {[%clk 0:03:51]} 67. Ke2
{[%clk 0:13:17]} 1/2-1/2

[Event "EYCC 2024 - O12"]
[Site "?"]
[Date "2024.08.22"]
[Round "1.13"]
[White "Platonovs, Nikolajs"]
[Black "Akin, Mehmet Efe"]
[Result "1/2-1/2"]
[BlackElo "1785"]
[WhiteElo "2092"]
[LiveChessVersion "1.4.8"]

1. e4 {[%clk 1:30:58]} c5 {[%clk 1:30:59]} 2. Nf3 {[%clk 1:31:22]} d6
{[%clk 1:31:25]} 3. d4 {[%clk 1:31:48]} cxd4 {[%clk 1:31:52]} 4. Nxd4
{[%clk 1:32:12]} Nf6 {[%clk 1:32:14]} 5. Nc3 {[%clk 1:32:38]} a6 {[%clk 1:32:40]}
6. f3 {[%clk 1:32:37]} e5 {[%clk 1:32:40]} 7. Nb3 {[%clk 1:32:57]} Be7
{[%clk 1:32:47]} 8. Be3 {[%clk 1:33:16]} Be6 {[%clk 1:31:27]} 9. Qd2
{[%clk 1:33:22]} O-O {[%clk 1:30:56]} 10. O-O-O {[%clk 1:33:37]} Nbd7
{[%clk 1:29:00]} 11. g4 {[%clk 1:33:43]} b5 {[%clk 1:28:54]} 12. g5
{[%clk 1:33:56]} Nh5 {[%clk 1:28:48]} 13. Nd5 {[%clk 1:34:13]} Bxd5
{[%clk 1:27:14]} 14. exd5 {[%clk 1:34:30]} f5 {[%clk 0:54:43]} 15. gxf6
{[%clk 1:34:20]} Bxf6 {[%clk 0:53:18]} 16. Na5 {[%clk 1:34:36]} Nf4
{[%clk 0:51:27]} 17. Nc6 {[%clk 1:33:20]} Qc7 {[%clk 0:51:15]} 18. c4
{[%clk 1:28:18]} Nb6 {[%clk 0:47:57]} 19. Qa5 {[%clk 1:26:20]} Rab8
{[%clk 0:44:59]} 20. Nxb8 {[%clk 1:26:25]} Rxb8 {[%clk 0:45:17]} 21. Kb1
{[%clk 0:45:17]} bxc4 {[%clk 0:43:44]} 22. Rc1 {[%clk 0:41:55]} e4
{[%clk 0:34:06]} 23. b3 {[%clk 0:39:40]} Nd3 {[%clk 0:32:04]} 24. Bxd3
{[%clk 0:38:20]} exd3 {[%clk 0:32:22]} 25. Bxb6 {[%clk 0:38:25]} Rxb6
{[%clk 0:32:34]} 26. Qa4 {[%clk 0:38:34]} Rb8 {[%clk 0:30:53]} 27. Qxc4
{[%clk 0:38:44]} Qa5 {[%clk 0:30:29]} 28. Qxd3 {[%clk 0:36:02]} Qa3
{[%clk 0:30:46]} 29. Rc2 {[%clk 0:34:12]} Qa5 {[%clk 0:28:22]} 30. Rhc1
{[%clk 0:31:52]} g6 {[%clk 0:28:00]} 31. Rc8+ {[%clk 0:29:22]} Rxc8
{[%clk 0:28:27]} 32. Rxc8+ {[%clk 0:29:40]} Kg7 {[%clk 0:28:57]} 33. Qe4
{[%clk 0:25:10]} Qd2 {[%clk 0:28:38]} 34. Rc7+ {[%clk 0:25:14]} Kh6
{[%clk 0:28:59]} 35. Rc2 {[%clk 0:21:06]} Qd1+ {[%clk 0:29:14]} 36. Rc1
{[%clk 0:21:27]} Qd2 {[%clk 0:29:39]} 37. Qc2 {[%clk 0:12:33]} Qd4
{[%clk 0:29:51]} 38. Qe2 {[%clk 0:12:55]} Qa1+ {[%clk 0:29:54]} 39. Kc2
{[%clk 0:13:17]} Qxa2+ {[%clk 0:30:18]} 40. Kd1 {[%clk 0:13:09]} Qxb3+
{[%clk 0:30:41]} 41. Ke1 {[%clk 0:11:55]} Qxd5 {[%clk 0:29:38]} 42. Rd1
{[%clk 0:11:00]} Qe5 {[%clk 0:28:05]} 43. Qxe5 {[%clk 0:10:18]} Bxe5
{[%clk 0:28:27]} 44. Kf2 {[%clk 0:09:30]} g5 {[%clk 0:24:07]} 45. h3
{[%clk 0:07:59]} Kg6 {[%clk 0:23:19]} 46. Rd5 {[%clk 0:07:29]} h5
{[%clk 0:23:13]} 47. Ra5 {[%clk 0:07:29]} Kf5 {[%clk 0:21:18]} 48. Ke3
{[%clk 0:06:28]} h4 {[%clk 0:19:55]} 49. Rd5 {[%clk 0:06:22]} Ke6
{[%clk 0:15:49]} 50. Ke4 {[%clk 0:06:34]} Bf4 {[%clk 0:15:24]} 51. Ra5
{[%clk 0:06:18]} Bd2 {[%clk 0:13:38]} 52. Rxa6 {[%clk 0:06:20]} Bf4
{[%clk 0:13:46]} 53. Ra8 {[%clk 0:04:28]} d5+ {[%clk 0:10:31]} 54. Kd4
{[%clk 0:04:05]} Be5+ {[%clk 0:10:01]} 55. Kc5 {[%clk 0:03:34]} Bd6+
{[%clk 0:09:59]} 56. Kc6 {[%clk 0:02:53]} Be7 {[%clk 0:08:32]} 57. Ra4
{[%clk 0:01:45]} Bf6 {[%clk 0:07:49]} 58. Ra5 {[%clk 0:00:42]} d4
{[%clk 0:08:01]} 59. Rd5 {[%clk 0:00:40]} Be5 {[%clk 0:07:14]} 60. Kc5
{[%clk 0:00:37]} Kf5 {[%clk 0:06:40]} 61. Kc4 {[%clk 0:00:33]} Kf4
{[%clk 0:06:33]} 62. Kd3 {[%clk 0:00:42]} Bf6 {[%clk 0:06:27]} 63. Rd6
{[%clk 0:00:35]} Bg7 {[%clk 0:06:20]} 64. Rd7 {[%clk 0:00:35]} Be5
{[%clk 0:06:28]} 65. Re7 {[%clk 0:00:35]} Bd6 {[%clk 0:06:03]} 66. Rg7
{[%clk 0:00:33]} Kxf3 {[%clk 0:06:16]} 67. Rxg5 {[%clk 0:00:51]} Bg3
{[%clk 0:06:41]} 1/2-1/2

[Event "EYCC 2024 - O12"]
[Site "?"]
[Date "2024.08.22"]
[Round "1.14"]
[White "Chompas, Vasileios"]
[Black "Oikonomopoulos, Filippos"]
[Result "0-1"]
[BlackElo "2088"]
[WhiteElo "1785"]
[LiveChessVersion "1.4.8"]

1. e4 {[%clk 1:30:56]} c5 {[%clk 1:30:53]} 2. Nf3 {[%clk 1:31:21]} Nc6
{[%clk 1:31:16]} 3. Bb5 {[%clk 1:31:45]} d6 {[%clk 1:31:38]} 4. O-O
{[%clk 1:31:54]} Bd7 {[%clk 1:31:55]} 5. c3 {[%clk 1:31:54]} a6 {[%clk 1:31:53]}
6. Ba4 {[%clk 1:32:08]} b5 {[%clk 1:24:23]} 7. Bc2 {[%clk 1:32:16]} Bg4
{[%clk 1:23:41]} 8. h3 {[%clk 1:28:12]} Bh5 {[%clk 1:20:53]} 9. d3
{[%clk 1:20:43]} Nf6 {[%clk 1:18:10]} 10. Be3 {[%clk 1:15:40]} e6
{[%clk 1:12:52]} 11. Nbd2 {[%clk 1:08:37]} Be7 {[%clk 1:10:57]} 12. Re1
{[%clk 1:05:20]} O-O {[%clk 1:01:22]} 13. Nf1 {[%clk 1:01:33]} h6
{[%clk 0:50:48]} 14. Ng3 {[%clk 0:53:30]} Bg6 {[%clk 0:51:03]} 15. Qd2
{[%clk 0:51:11]} Rc8 {[%clk 0:43:01]} 16. a4 {[%clk 0:40:37]} b4 {[%clk 0:40:23]}
17. Rac1 {[%clk 0:33:58]} d5 {[%clk 0:32:12]} 18. Nh2 {[%clk 0:26:49]} bxc3
{[%clk 0:29:02]} 19. bxc3 {[%clk 0:27:03]} d4 {[%clk 0:29:21]} 20. Bf4
{[%clk 0:24:03]} e5 {[%clk 0:28:20]} 21. Bxh6 {[%clk 0:23:50]} dxc3
{[%clk 0:27:08]} 22. Qe3 {[%clk 0:22:37]} gxh6 {[%clk 0:27:29]} 23. Qxh6
{[%clk 0:21:45]} Nh7 {[%clk 0:26:33]} 24. Nf3 {[%clk 0:20:53]} Nd4
{[%clk 0:25:49]} 25. Nxd4 {[%clk 0:19:57]} Bg5 {[%clk 0:25:06]} 26. Ndf5
{[%clk 0:17:34]} Bxh6 {[%clk 0:25:20]} 27. Nxh6+ {[%clk 0:17:59]} Kh8
{[%clk 0:25:35]} 0-1

[Event "EYCC 2024 - O12"]
[Site "?"]
[Date "2024.08.22"]
[Round "1.15"]
[White "Nicot, Valentin"]
[Black "Velychko, Semen"]
[Result "1-0"]
[BlackElo "1783"]
[WhiteElo "2068"]
[LiveChessVersion "1.4.8"]

1. c4 {[%clk 1:30:43]} e5 {[%clk 1:30:34]} 2. Nc3 {[%clk 1:30:44]} Nf6
{[%clk 1:30:43]} 3. Nf3 {[%clk 1:30:20]} Nc6 {[%clk 1:29:56]} 4. g3
{[%clk 1:30:00]} d5 {[%clk 1:28:55]} 5. cxd5 {[%clk 1:29:11]} Nxd5
{[%clk 1:29:16]} 6. Bg2 {[%clk 1:28:51]} Nb6 {[%clk 1:28:40]} 7. O-O
{[%clk 1:28:14]} Be7 {[%clk 1:28:14]} 8. d3 {[%clk 1:27:15]} O-O {[%clk 1:28:22]}
9. Be3 {[%clk 1:26:04]} Be6 {[%clk 1:27:51]} 10. Ne4 {[%clk 1:21:17]} f5
{[%clk 1:23:49]} 11. Nc5 {[%clk 1:20:09]} Bd5 {[%clk 1:21:32]} 12. Rc1
{[%clk 1:11:12]} Rb8 {[%clk 1:14:55]} 13. Qd2 {[%clk 1:00:19]} Nd4
{[%clk 1:03:18]} 14. Bxd4 {[%clk 0:50:44]} exd4 {[%clk 1:02:02]} 15. Nb3
{[%clk 0:48:40]} Bxf3 {[%clk 0:59:21]} 16. exf3 {[%clk 0:48:57]} f4
{[%clk 0:58:51]} 17. Nc5 {[%clk 0:46:24]} Bxc5 {[%clk 0:47:45]} 18. Rxc5
{[%clk 0:46:46]} Qd7 {[%clk 0:47:41]} 19. Qc2 {[%clk 0:43:05]} c6
{[%clk 0:46:57]} 20. Re5 {[%clk 0:35:56]} Rbe8 {[%clk 0:43:08]} 21. Rfe1
{[%clk 0:34:12]} Rxe5 {[%clk 0:34:08]} 22. Rxe5 {[%clk 0:34:24]} Qd6
{[%clk 0:34:09]} 23. Qe2 {[%clk 0:32:26]} Nd5 {[%clk 0:32:31]} 24. Bh3
{[%clk 0:29:08]} fxg3 {[%clk 0:26:38]} 25. hxg3 {[%clk 0:27:22]} Kh8
{[%clk 0:22:03]} 26. Re8 {[%clk 0:22:42]} h6 {[%clk 0:16:17]} 27. Qe4
{[%clk 0:19:09]} Nf6 {[%clk 0:15:08]} 28. Rxf8+ {[%clk 0:19:14]} Qxf8
{[%clk 0:15:36]} 29. Qxd4 {[%clk 0:19:30]} Qe7 {[%clk 0:16:00]} 30. Qxa7
{[%clk 0:17:54]} Nd5 {[%clk 0:15:28]} 31. Bf5 {[%clk 0:17:24]} Nf6
{[%clk 0:12:49]} 32. Qb8+ {[%clk 0:16:47]} Ng8 {[%clk 0:12:48]} 33. Qc8
{[%clk 0:16:13]} g6 {[%clk 0:12:04]} 34. Be6 {[%clk 0:16:10]} Qg7
{[%clk 0:12:28]} 35. a4 {[%clk 0:16:15]} h5 {[%clk 0:12:46]} 36. a5
{[%clk 0:15:45]} g5 {[%clk 0:13:04]} 37. Bxg8 {[%clk 0:15:46]} Qxg8
{[%clk 0:13:33]} 38. Qxb7 {[%clk 0:15:30]} Qe6 {[%clk 0:13:20]} 39. a6
{[%clk 0:14:54]} Qe1+ {[%clk 0:13:11]} 40. Kg2 {[%clk 0:15:19]} g4
{[%clk 0:13:36]} 41. fxg4 {[%clk 0:15:02]} h4 {[%clk 0:13:53]} 42. gxh4
{[%clk 0:14:51]} Qd1 {[%clk 0:14:04]} 43. Qc8+ {[%clk 0:15:12]} Kh7
{[%clk 0:14:30]} 44. a7 1-0